• 首页
  • 本馆介绍
  • 公告通知
  • 最新文献
  • 馆藏检索
  • 电子资源
  • 读者导购
  • 参考咨询
  • 我的图书馆
  • 登录
  • 详细信息显示
  • 放入我的书架
  • 预约/预借图书
  • 作者相关作品
  • 分类相关作品
  • 丛书相关作品
  • 出版社相关作品

书目信息

  • 表格格式
  • 工作单格式
  • 卡片格式
题名:
老挝史
    
 
作者: 琼赛 著 ;厦门大学外文系 译
分册: 下册  
出版信息: 福州   福建人民出版社  1974.04
页数: 262页
开本: 20cm
丛书名:
单 册:
中图分类: K334.0
科图分类:
主题词: 东南亚--历史
电子资源:
ISBN:
000 00716nam0 2200241 45
001 0212190867
005 20031219104102.4
010    @dCNY1.62
091    @a11173.3
100    @a20021219d1974 km y0chiy0120 ea
101 0  @achi
105    @a z 000yy
200 1  @a老挝史@ALao Wo Shi@f(泰)姆·耳·马尼奇·琼赛著@h下册@F(Tai)Mu·Er·Ma Ni Qi·Qiong Sai Zhu@g厦门大学外文系译
210    @a福州@c福建人民出版社@d1974.04
215    @a262页@d20cm
300    @a内部读物
300    @a根据曼谷查伦涅书店1971年版译出
606 0  @a东南亚@x历史
690    @aK334.0@v3
701  0 @a琼赛@4著
712 02 @a厦门大学外文系@AXia Men Da Xue Wai Wen Xi@4译
801    @aCN@bTSTC@c20021219
905    @dK334.0@e1:2@f1@b219258
    
    老挝史/(泰)姆·耳·马尼奇·琼赛著.下册/厦门大学外文系译.-福州:福建人民出版社,1974.04
    262页;20cm
    内部读物.-根据曼谷查伦涅书店1971年版译出
    
    ISBN :CNY1.62
    
●
相关链接 在E读中查询图书 在五车中查询图书 在当当中查询图书 在豆瓣中查询图书


正题名:老挝史     索取号:K334.0/1:2         预约/预借

序号 登录号 条形码 馆藏地/架位号 状态 备注
1 0219258   001739186   第二借阅区/ [索取号:K334.0/1:2] 在馆    
唐山师范学院图书馆 欢迎您!
大连网信软件有限公司© 版权所有